000 00778nam a22002297a 4500
005 20240530110626.0
008 170103s2014 ua g 000 0 ara d
017 _a2014/19590
_bمصر. دار الكتب
020 _a9789770933091
040 _aEG-CaGPL
_cEG-CaGPL
082 0 4 _221
_a303.625\
_bن د
100 0 _aناجح ابراهيم
245 1 0 _aداعش :
_bالسكين التى تذبح الاسلام /
_cناجح ابراهيم ، هشام النجار
250 _aط. 1
260 _aالقاهرة :
_bدار الشروق ،
_c2014.
300 _a150 ص. ؛
_c24 سم.
650 0 7 _2qrmak
_aالارهاب
650 0 7 _2qrmak
_aالجرائم السياسية
653 0 4 _aداعش
942 _2ddc
_cBK
999 _c63147
_d63147